| 000 | 00598nam a2200217 a 4500 | ||
|---|---|---|---|
| 005 | 20210219153434.0 | ||
| 008 | 991125n 000 0 u | ||
| 035 | _aUPN01000099739 | ||
| 100 | _aProut, H. Thomson | ||
| 222 | _aPSYCHOLOGY IN THE SCHOOLS | ||
| 245 | _aSex bias in clinical judgment among school psychologist | ||
| 300 | _a226-229 | ||
| 362 | _a28, No. 3, 1991 | ||
| 505 | _aMarzo 1992 | ||
| 653 | 0 | _aDIAGNOSTICO CLINICO | |
| 653 | 0 | _aPSICOLOGOS ESCOLARES | |
| 653 | 0 | _aTENDENCIAS SEXUALES | |
| 700 | _aFrederickson, Anne K. | ||
| 904 |
_aAC _b037550 |
||
| 905 | _aArticulo | ||
| 999 |
_c76850 _d76850 |
||